[Event "Challenge"]
[Site "http://www.queenalice.com/game.php?id=75228"]
[Date "2006.6.9"]
[Round "-"]
[White "tatanka7"]
[Black "cipripereira"]
[Result "0-1"]
[WhiteElo "1521"]
[BlackElo "1639"]

1. e4 d5 2. e5 Nc6 3. d4 Bf5 4. Nf3 e6 5. Be2 Be7 6. O-O g5 7. Bxg5 Bxg5 8. Nxg5
Qxg5 9. g3 h5 10. h4 Qg6 11. Nc3 Bxc2 12. Qd2 Nge7 13. Nb5 O-O-O 14. Rac1 Be4
15. b4 Nf5 16. Qf4 a6 17. Nc3 Ncxd4 18. a4 Nxe2+ 19. Nxe2 Qg4 20. f3 Qxf4 21.
Nxf4 Nxg3 22. Rf2 Bg6 23. Nh3 Nf5 24. Ng5 Nxh4 25. f4 Nf5 26. Rc5 d4 27. Kg2 d3
28. Nf3 Ne3+ 29. Kg3 h4+ 30. Kh3 Bf5+ 31. Kh2 Ng4+ 32. Kg1 Nxf2 33. Kxf2 d2 34.
Nxd2 Rxd2+ 35. Kg1 h3 0-1

[Event "QA-ANNIV-02"]
[Site "http://www.queenalice.com/game.php?id=76885"]
[Date "2006.6.15"]
[Round "1"]
[White "cipripereira"]
[Black "Kasperic"]
[Result "1-0"]
[WhiteElo "1847"]
[BlackElo "1569"]

1. d4 Nf6 2. Nf3 e6 3. Bf4 b6 4. e3 Bb7 5. Bd3 Nd5 6. Bg3 Nb4 7. Be2 Be4 8. Bd3
Nxd3+ 9. cxd3 Bb7 10. O-O Be7 11. Nc3 O-O 12. Rc1 a6 13. e4 f5 14. Qd2 d6 15.
Qe3 Nd7 16. exf5 exf5 17. Rfe1 Rf7 18. h4 1-0

[Event "Challenge"]
[Site "http://www.queenalice.com/game.php?id=80511"]
[Date "2006.6.27"]
[Round "-"]
[White "cipripereira"]
[Black "cd_dasilva"]
[Result "1-0"]
[WhiteElo "1862"]
[BlackElo "1700"]

1. d4 d5 2. Bf4 g6 3. e3 e6 4. Nf3 b6 5. Bb5+ Bd7 6. a4 Bh6 7. Bxh6 Nxh6 8. O-O
O-O 9. Nc3 a6 10. Bd3 Nc6 11. e4 Nb4 12. Qd2 Ng4 13. h3 Nxd3 14. cxd3 Nf6 15.
Rfe1 Re8 16. e5 1-0

[Event "Challenge"]
[Site "http://www.queenalice.com/game.php?id=80512"]
[Date "2006.6.27"]
[Round "-"]
[White "cd_dasilva"]
[Black "cipripereira"]
[Result "0-1"]
[WhiteElo "1710"]
[BlackElo "1852"]

1. d4 Nf6 2. Nf3 d5 3. c4 e6 4. Ne5 Nbd7 5. cxd5 exd5 6. Nc3 Bb4 7. Qb3 Ba5 8.
Bd2 c6 9. e3 Nxe5 10. dxe5 Ng4 11. f4 d4 12. exd4 Qxd4 13. h3 Qf2+ 14. Kd1 Be6
15. Qxb7 Rd8 0-1

[Event "Challenge"]
[Site "http://www.queenalice.com/game.php?id=366700"]
[Date "2008.3.6"]
[Round "-"]
[White "MECFIELD"]
[Black "cipripereira"]
[Result "0-1"]
[WhiteElo "1539"]
[BlackElo "1650"]

1. e4 d5 2. Nc3 e6 3. Qf3 d4 4. Nb5 a6 5. Na3 Bd6 6. Bc4 Nf6 7. d3 Nc6 8. Nh3 h6
9. Bf4 g5 10. Bg3 g4 11. Qe2 gxh3 12. gxh3 e5 13. Bh4 Bb4+ 14. c3 dxc3 15. O-O-O
Bxa3 16. bxa3 Nd4 17. Qe3 Qd6 18. f4 Qxa3+ 19. Kb1 Qb2# 0-1

[Event "AUTO-ADV-828"]
[Site "http://www.queenalice.com/game.php?id=367353"]
[Date "2008.3.8"]
[Round "1"]
[White "Jac"]
[Black "cipripereira"]
[Result "0-1"]
[WhiteElo "1912"]
[BlackElo "1675"]

1. e4 e5 2. Nf3 d6 3. Bc4 Nh6 4. d3 Be7 5. Bxh6 gxh6 6. Nc3 Nc6 7. Nd2 Nd4 8.
Ne2 Bg4 9. f3 Nxe2 10. Qxe2 Bd7 11. O-O-O b5 12. Bb3 a5 13. Bd5 c6 14. Bxf7+
Kxf7 15. Rhf1 Rf8 16. f4 Kg8 17. f5 a4 18. Qg4+ Kh8 19. Rf3 Bg5 20. Rg3 a3 21.
b3 Qa5 22. Qe2 Qc3 0-1

[Event "AUTO-ADV-828"]
[Site "http://www.queenalice.com/game.php?id=367354"]
[Date "2008.3.8"]
[Round "1"]
[White "cipripereira"]
[Black "Jac"]
[Result "1-0"]
[WhiteElo "1745"]
[BlackElo "1813"]

1. e4 e5 2. Nf3 d6 3. Bc4 Bg4 4. Nc3 Nc6 5. h3 Bh5 6. g4 Bg6 7. d3 Nge7 8. Be3
h6 9. Qe2 a6 10. Nh4 Qd7 11. a3 O-O-O 12. O-O-O h5 13. Nxg6 fxg6 14. Qf3 hxg4
15. Qxg4 Qxg4 16. hxg4 Rxh1 17. Rxh1 Nd4 18. Bf7 Nec6 19. Bxg6 Be7 20. Nd5 Bf6
21. c3 Ne6 22. Nxf6 gxf6 23. Rh6 Ne7 24. Bf7 Nf8 25. Rxf6 Kd7 26. Bh6 c5 27.
Bxf8 Rxf8 28. Be6+ Ke8 29. Bd7+ Kxd7 30. Rxf8 Ke6 31. Rb8 b5 32. Rb6 Ng6 33.
Rxa6 Nf4 34. Kd2 1-0

[Event "AUTO-ADV-828"]
[Site "http://www.queenalice.com/game.php?id=367367"]
[Date "2008.3.8"]
[Round "1"]
[White "CJ"]
[Black "cipripereira"]
[Result "0-1"]
[WhiteElo "1564"]
[BlackElo "1781"]

1. e4 e5 2. Nf3 d6 3. Nc3 Nf6 4. d3 Be7 5. Be2 Be6 6. O-O Nc6 7. a3 Nd4 8. Nxd4
exd4 9. Nb5 c5 10. a4 a6 11. Na3 Qd7 12. h3 Bxh3 13. Bf3 Bg4 14. Nc4 Bxf3 15.
Qxf3 Qc7 16. b3 O-O 17. Qg3 b5 18. axb5 axb5 19. Rxa8 Rxa8 20. Nd2 Ra2 21. f3
Rxc2 22. Kf2 Qa5 23. Rh1 Rxc1 24. Nf1 Qe1+ 0-1

[Event "AUTO-ADV-828"]
[Site "http://www.queenalice.com/game.php?id=367375"]
[Date "2008.3.8"]
[Round "1"]
[White "Artking"]
[Black "cipripereira"]
[Result "0-1"]
[WhiteElo "1853"]
[BlackElo "1724"]

1. e4 e5 2. f4 exf4 3. Nf3 d6 4. Bc4 Be6 5. Bxe6 fxe6 6. d4 g5 7. O-O Nd7 8. c4
Qe7 9. Nc3 O-O-O 10. Nb5 a6 11. Nc3 h5 12. Qa4 Bh6 13. b4 g4 14. Ne1 Nb6 15. Qb3
e5 16. d5 h4 17. Nd3 h3 18. g3 fxg3 19. hxg3 h2+ 20. Kh1 Bxc1 21. Raxc1 Nf6 22.
c5 Nbd7 23. cxd6 Qxd6 24. b5 Nh5 25. Kg2 Nxg3 26. bxa6 Qxa6 27. Nb5 Nxf1 28.
Rxf1 Qb6 29. a4 Qe3 0-1

[Event "AUTO-ADV-828"]
[Site "http://www.queenalice.com/game.php?id=367376"]
[Date "2008.3.8"]
[Round "1"]
[White "cipripereira"]
[Black "Artking"]
[Result "1-0"]
[WhiteElo "1700"]
[BlackElo "1902"]

1. e4 c5 2. Bc4 Nc6 3. Nf3 d6 4. d4 cxd4 5. Nxd4 Bd7 6. Nc3 Nf6 7. h3 g6 8. Be3
Bg7 9. Nf3 Rc8 10. O-O h5 11. Ng5 Ne5 12. Bb3 a6 13. f4 Nc4 14. Bxc4 Rxc4 15.
Qd3 b5 16. a4 Qc7 17. axb5 axb5 18. Ra8+ Bc8 19. Nxb5 Qb7 20. Qxc4 O-O 21. Rfa1
d5 22. exd5 Nxd5 23. Bc1 Nb6 24. Qc5 Nxa8 25. Ra7 Qb6 26. Be3 Bxb2 27. Qxe7 Qxb5
28. Nxf7 Bg7 29. Nh6+ 1-0

[Event "jogo por desporto"]
[Site "http://www.queenalice.com/game.php?id=368640"]
[Date "2008.3.10"]
[Round "-"]
[White "nleal"]
[Black "cipripereira"]
[Result "0-1"]
[WhiteElo "1473"]
[BlackElo "1822"]

1. d4 d5 2. Nc3 Nf6 3. Bg5 h6 4. Bxf6 exf6 5. e4 dxe4 6. Nxe4 Qe7 7. f3 f5 8.
Bd3 Qh4+ 9. Ng3 f4 10. Ne2 fxg3 11. Nxg3 Bd6 12. Qe2+ Be6 13. O-O-O O-O 14. Nf5
Bxf5 15. Bxf5 Qg5+ 16. Kb1 Qxf5 17. g4 Qd7 18. Qe4 Nc6 19. d5 Ne5 20. b3 Rae8
21. Rhe1 f5 22. gxf5 Rxf5 23. Qa4 Qxa4 24. bxa4 Rxf3 25. Rd3 Nxd3 0-1

[Event "Challenge"]
[Site "http://www.queenalice.com/game.php?id=381677"]
[Date "2008.4.3"]
[Round "-"]
[White "Mike36bh"]
[Black "cipripereira"]
[Result "0-1"]
[WhiteElo "1784"]
[BlackElo "1764"]

1. d4 d5 2. Nc3 Nf6 3. Bf4 Bd7 4. h3 e6 5. a3 a6 6. Nf3 c5 7. dxc5 Bxc5 8. e3
Nc6 9. Bd3 Qe7 10. e4 dxe4 11. Bxe4 O-O-O 12. O-O Nxe4 13. Nxe4 e5 14. Bh2 Bf5
15. Qe2 f6 16. c3 Ba7 17. Rad1 Kb8 18. b4 Rxd1 19. Rxd1 Rd8 20. Nfd2 Qe6 21. b5
axb5 22. Kh1 Qa2 23. f4 Bxe4 24. fxe5 f5 25. e6+ Kc8 26. e7 Nxe7 27. Be5 Rd3 28.
Bd4 Bxd4 29. cxd4 Rxh3+ 30. Kg1 Rg3 31. Qxb5 Rxg2+ 32. Kf1 Nc6 33. Ke1 Qxa3 34.
Nb3 Qb2 35. d5 Qf2# 0-1

[Event "Challenge"]
[Site "http://www.queenalice.com/game.php?id=386293"]
[Date "2008.4.12"]
[Round "-"]
[White "cipripereira"]
[Black "lucasalex"]
[Result "1-0"]
[WhiteElo "1788"]
[BlackElo "1650"]

1. e4 c5 2. Nc3 d6 3. Nf3 Nc6 4. d4 cxd4 5. Nxd4 a6 6. Be3 Nf6 7. a3 e6 8. f4 e5
9. Nxc6 bxc6 10. Bc4 Bg4 11. Qd3 exf4 12. Bxf4 Be7 13. h3 Be6 14. Bxa6 Qb6 15.
Bc4 Qxb2 16. Ra2 Qb8 17. O-O O-O 18. a4 Qb4 19. Bxe6 fxe6 20. Rb1 Qc5+ 21. Be3
Qh5 22. Rb7 Rf7 23. Qc4 d5 24. Qxc6 Qe5 25. Rxe7 Rxe7 26. Qxa8+ Re8 27. Qa5 Nxe4
28. Nxe4 Qxe4 29. Qc3 e5 30. Qd3 Qxd3 31. cxd3 Kf7 32. a5 d4 33. Bf2 Ke7 34. a6
Ra8 35. Bg3 Kd6 36. Ra5 Kc6 37. Bxe5 Kb6 38. Ra1 Rxa6 39. Bxd4+ Kb5 40. Rxa6
Kxa6 41. Bxg7 Kb6 42. g4 Kc6 43. Kf2 1-0

[Event "Challenge"]
[Site "http://www.queenalice.com/game.php?id=392156"]
[Date "2008.4.23"]
[Round "-"]
[White "MECFIELD"]
[Black "cipripereira"]
[Result "0-1"]
[WhiteElo "1549"]
[BlackElo "1798"]

1. e4 e5 2. Qf3 Nc6 3. Bc4 Nh6 4. Ne2 d6 5. d4 exd4 6. Bxh6 Ne5 7. Bb5+ c6 8.
Qb3 gxh6 9. Ba4 b5 10. Bxb5 Qa5+ 11. c3 cxb5 12. Nxd4 Rb8 13. O-O Rg8 14. f4 Nc4
15. Nc6 Qb6+ 16. Nd4 Bg7 17. Rd1 Bg4 18. Rd3 Be2 19. Rg3 Bxd4+ 20. cxd4 Qxd4+
21. Kh1 Rxg3 22. hxg3 Qf2 23. Nc3 Ne3 24. Rg1 Qxg3 25. Nxb5 Qh4# 0-1

[Event "Challenge"]
[Site "http://www.queenalice.com/game.php?id=403784"]
[Date "2008.5.16"]
[Round "-"]
[White "Danilo"]
[Black "cipripereira"]
[Result "0-1"]
[WhiteElo "1792"]
[BlackElo "1804"]

1. e4 e5 2. Nf3 d6 3. d4 exd4 4. Nxd4 c5 5. Nf3 Nf6 6. Nc3 Nc6 7. Bc4 Be7 8. Ng5
O-O 9. Be3 Ne5 10. Bb3 c4 11. f4 cxb3 12. axb3 Nfg4 13. fxe5 Nxe3 14. Qd2 Bxg5
15. h4 Bxh4+ 16. Ke2 Bg4+ 17. Kd3 dxe5+ 18. Nd5 Nxd5 19. exd5 Qxd5+ 20. Kc3
Rac8+ 21. Kb4 Be7+ 22. Ka4 Bd7# 0-1

[Event "Challenge"]
[Site "http://www.queenalice.com/game.php?id=410809"]
[Date "2008.5.31"]
[Round "-"]
[White "cipripereira"]
[Black "guizani"]
[Result "1-0"]
[WhiteElo "1820"]
[BlackElo "1343"]

1. e4 e5 2. Nf3 d6 3. Nc3 Nf6 4. d4 exd4 5. Nxd4 c5 6. Bb5+ Bd7 7. Bxd7+ Qxd7 8.
Nf5 g6 9. Bg5 Qe6 10. O-O Nxe4 11. Nxe4 Qxe4 12. Re1 d5 13. Rxe4+ Kd7 14. Qxd5+
Kc7 15. Bd8+ Kc8 16. Re8 gxf5 17. Bb6# 1-0

[Event "AUTO-ADV-828"]
[Site "http://www.queenalice.com/game.php?id=427803"]
[Date "2008.7.5"]
[Round "2"]
[White "cipripereira"]
[Black "Bernhardur"]
[Result "0-1"]
[WhiteElo "1824"]
[BlackElo "1879"]

1. e4 c6 2. d4 d5 3. Nc3 dxe4 4. Nxe4 Bf5 5. Ng3 Bg6 6. Nf3 Nd7 7. h4 h6 8. h5
Bh7 9. Bd3 Bxd3 10. Qxd3 Qc7 11. Rh4 e6 0-1

[Event "AUTO-ADV-828"]
[Site "http://www.queenalice.com/game.php?id=427804"]
[Date "2008.7.5"]
[Round "2"]
[White "Bernhardur"]
[Black "cipripereira"]
[Result "1-0"]
[WhiteElo "1893"]
[BlackElo "1810"]

1. e4 e5 2. Nf3 Nc6 3. Bb5 Nf6 4. O-O Nxe4 5. d4 exd4 6. Re1 f5 7. Nxd4 Qh4 8.
g3 Qf6 9. Bxc6 dxc6 10. f3 Bc5 11. Be3 Qg6 12. fxe4 fxe4 13. Qe2 1-0